00521nam a2200181 4500003000400000005001700004008004100021040001800062050001700080100001700097245006200114264005200176300001800228336002200246337002400268338002400292650002300316OSt20260601193850.0260508b1970 |||ao||| |||| 001 0 eng d aICIbspacICI aNK1370b.F47 1aFerebee, Ann 1aA History of Design from the Victorian era to the Present bVan Nostrand ReinHold Companyc1970aInglaterra a128 páginas atexto2rdacontent asin medio2rdamedia avolumen2rdacarrier aDiseñoxHistoria